| 000 | 01286nam a2200373 a 4500 | ||
|---|---|---|---|
| 001 | 86220 | ||
| 003 | BD-RjUL | ||
| 005 | 20260226095908.0 | ||
| 008 | 260226s2000 pauab b 001 0 eng | ||
| 020 |
_a0812217233 _qpbk. |
||
| 020 |
_a0812235479 _qacid-free paper |
||
| 020 |
_a9780812235470 _q(acid-free paper) |
||
| 020 |
_a9780812217230 _q(pbk.) |
||
| 035 | _a11901839 | ||
| 035 | _a(BD-RjUL)86220 | ||
| 040 |
_aDLC _cDLC _dDLC _dBD-RjUL _beng |
||
| 041 | _aeng | ||
| 042 | _apcc | ||
| 082 | 0 | 0 |
_221 _a307.336 _bBEY 2000 |
| 245 | 0 | 0 |
_aBeyond kinship : _bsocial and material reproduction in house societies / _cedited by Rosemary A. Joyce and Susan D. Gillespie ; foreword by Clark E. Cunningham. |
| 260 |
_aPhiladelphia : _bUniversity of Pennsylvania Press, _cc2000. |
||
| 300 |
_axii, 269 p. : _bill., maps ; _c24 cm. |
||
| 336 |
_atext _btxt _2rdacontent |
||
| 337 |
_aunmediated _bn _2rdamedia |
||
| 338 |
_avolume _bnc _2rdacarrier |
||
| 504 | _aIncludes bibliographical references (p. [225]-259) and index. | ||
| 650 | 0 |
_aDwellings. _917802 |
|
| 650 | 0 |
_aVernacular architecture. _917803 |
|
| 650 | 0 | _aKinship. | |
| 650 | 0 |
_aMaterial culture. _92283 |
|
| 700 | 1 |
_aJoyce, Rosemary A., _d1956- _917804 |
|
| 700 | 1 |
_aGillespie, Susan D., _d1952- _917805 |
|
| 942 |
_2ddc _cBK |
||
| 999 |
_c86220 _d86220 |
||